LEADER 01476nam 2200385 450 001 996279938103316 005 20200402154904.0 010 $a1-5386-7214-6 035 $a(CKB)4100000005822573 035 $a(WaSeSS)IndRDA00121379 035 $a(EXLCZ)994100000005822573 100 $a20200402d2018 uy 0 101 0 $aeng 135 $aur||||||||||| 181 $ctxt$2rdacontent 182 $cc$2rdamedia 183 $acr$2rdacarrier 200 10$aProceedings of the 2018 18th International Conference on Computational Science and Its Applications (ICCSA) $e02-05, July 2018, Monash University, Melbourne, Australia /$feditors, Osvaldo Gervasi [and seven others] ; Institute of Electrical and Electronics Engineers 210 1$aPiscataway, New Jersey :$cInstitute of Electrical and Electronics Engineers,$d2018. 215 $a1 online resource (671 pages) 311 $a1-5386-7215-4 606 $aComputational complexity$vCongresses 606 $aComputer science$vCongresses 608 $aElectronic books. 615 0$aComputational complexity 615 0$aComputer science 676 $a511.352 702 $aGervasi$b Osvaldo 712 02$aInstitute of Electrical and Electronics Engineers, 801 0$bWaSeSS 801 1$bWaSeSS 906 $aPROCEEDING 912 $a996279938103316 996 $aProceedings of the 2018 18th International Conference on Computational Science and Its Applications (ICCSA)$92506511 997 $aUNISA LEADER 01615nam a2200349 i 4500 001 991000004809707536 005 20020503105533.0 008 000615s|||| it ||| | ita 020 $a8880863169 035 $ab10004038-39ule_inst 035 $aLE01988543$9ExL 040 $aDip.to Beni Arti e Storia$bita 082 04$a736.5 245 00$aMarmi antichi e pietre dure /$ca cura di Dario Del Bufalo ; introduzione di Raneiro Gnoli 260 $aGalatina :$bCongedo,$cc2000 300 $a161 p. :$bill. ;$c30 cm. 500 $aDispense del corso di "Storia delle tecniche architettoniche e dei materiali" 650 4$aMarmi 650 4$aPietre dure 700 1 $aDel Bufalo, Dario 700 1 $aGnoli, Dario 907 $a.b10004038$b21-02-12$c29-05-02 912 $a991000004809707536 945 $aLE019 A3 AR D 27$g1$i2019000053075$lle019$o-$pE0.00$q-$rl$s- $t0$u1$v0$w1$x0$y.i10005250$z29-05-02 945 $aLE019 A3 AR D 26$g2$i2019000053044$lle019$o-$pE0.00$q-$rl$s- $t0$u1$v0$w1$x0$y.i10005262$z29-05-02 945 $aLE019 A3 AR D 25$g3$lle019$o-$pE0.00$q-$rl$s- $t0$u1$v0$w1$x0$y.i10005274$z29-05-02 945 $aLE019 A3 AR D 24$g4$i2019000053105$lle019$o-$pE0.00$q-$rl$s- $t0$u1$v0$w1$x0$y.i10005286$z29-05-02 945 $aLE019 A3 AR D 23$g5$i2019000053129$lle019$o-$pE0.00$q-$rl$s- $t0$u1$v0$w1$x0$y.i10005298$z29-05-02 945 $aLE002 736.5 MAR$g1$i2002000746740$lle002$og$pE21.00$q-$rl$s- $t0$u0$v0$w0$x0$y.i14650356$z16-01-08 996 $aMarmi antichi e pietre dure$9176232 997 $aUNISALENTO 998 $a(5)le019$ale002$b01-01-00$cm$da $e-$fita$git $h0$i5